Físca Parte 2 / David Halliday (Registro nro. 21360)
[ vista simple ]
| 000 -LÍDER | |
|---|---|
| fixed length control field | 00440nam a2200169 4500 |
| 008 - ELEMENTOS DE LONGITUD FIJA -- INFORMACIÓN GENERAL | |
| fixed length control field | 0 1982 0a 000 0MEX |
| 020 ## - NÚMERO INTERNACIONAL NORMALIZADO PARA LIBROS | |
| ISBN | 968-26-0324-2 |
| 050 ## - SIGNATURA TOPOGRAFICA DE LA BIBLIOTECA DEL CONGRESO (LC) | |
| Número de Clasificación | QC6 H188 |
| 082 ## - NUMERO DE CLASIFICACION DECIMAL DEWEY | |
| Número de Clasificación | 530.1 H726f |
| 100 ## - ASIENTO PRINCIPAL--NOMBRE PERSONAL | |
| Nombre personal | Halliday, David |
| 245 ## - TÍTULO | |
| Título | Físca Parte 2 / David Halliday |
| 250 ## - MENCIÓN DE EDICIÓN | |
| Mención de edición | 4 ingles 1 español |
| 260 ## - PUBLICACIÓN, DISTRIBUCIÓN, ETC. (PIE DE IMPRENTA) | |
| Lugar de publicación, distribución, etc. | México : Continental |
| 300 ## - DESCRIPCIÓN FÍSICA | |
| Extensión | 666p. 28.5 cm. |
| 650 ## - ASIENTO SECUNDARIO DE MATERIA - TERMINO TEMÁTICO | |
| Término temático o nombre geográfico como elemento de entrada | 1. FISICA |
| 700 ## - ASIENTO SECUNDARIO - NOMBRE PERSONAL | |
| Nombre personal | Resnick, Robert |
| No. biblioteca | No. biblioteca | Número de clasificación | Código de barras/Número de adquisición | Número de copia | Tipo de material |
|---|---|---|---|---|---|
| LUIS G. INCLAN | LUIS G. INCLAN | 530.1 H726f | 10738 | 17 | Libros |
| LUIS G. INCLAN | LUIS G. INCLAN | 530.1 H726f | 4283 | 10 | Libros |
| ÁREA DE BÁSICAS | ÁREA DE BÁSICAS | 530.1 H726f | 10736 | 15 | Libros |
| ÁREA DE BÁSICAS | ÁREA DE BÁSICAS | 530.1 H726f | 4286 | 1 | Libros |
| ÁREA DE BÁSICAS | ÁREA DE BÁSICAS | 530.1 H726f | 10737 | 16 | Libros |
| ÁREA DE BÁSICAS | ÁREA DE BÁSICAS | 530.1 H726f | 12666 | 19 | Libros |
| ÁREA DE BÁSICAS | ÁREA DE BÁSICAS | 530.1 H726f | 14786 | 21 | Libros |
